000 00873nac a22001931u 4500
020 _a0070589607
082 _a621.4022
_bP6921
090 _c127
_d127
100 _aPitts, Donald
245 _aSchaum's outline of theory and problems of heat transfer/
_cDonald Pitts, Leighton Sissom
250 _a2nd ed.
260 _aNew Delhi
_bTata McGraw-Hill
_c2004
650 _a Heat
_xTransmission
650 _aHeat
_xTransmission -- Problems, exercises,
700 _4Sissom, Leighton
942 _cBB
_k621.4022P6921
999 _c127
_d127